| 000 -ლიდერი |
| ფიქსირებული სიგრძის საკონტროლო ველი |
01467nam a2200289Ia 4500 |
| 001 - საკონტროლო ნომერი |
| საკონტროლო ველი |
7468 |
| 003 - საკონტროლო ნომრის იდენტიფიკატორი |
| საკონტროლო ველი |
GE_BSU |
| 005 - ბოლო ოპერაციის თარიღი და დრო |
| საკონტროლო ველი |
20191227174836.0 |
| 008 - ფიქსირებული სიგრძის მონაცემთა ელემენტები - ზოგადი ინფორმაცია |
| ფიქსირებული სიგრძის საკონტროლო ველი |
181216s2013||||ge |||||||||||||| ||geo|| |
| 020 ## - წიგნის საერთაშორისო სტანდარტული ნომერი |
| International Standard Book Number |
9789941212239 |
| 040 ## - კატალოგიზაციის წყარო |
| Transcribing agency |
GE_BSU |
| 041 ## - ენის კოდი |
| Language code of text/sound track or separate title |
geo |
| 080 ## - უნივერსალური ათობითი კლასიფიკაციის ინდექსი |
| Universal Decimal Classification number |
27-36(479.22) წ-71 |
| 245 ## - ცნობა სათაურის შესახებ |
| Title |
წმინდა ალექსი შუშანია / |
| Statement of responsibility, etc |
შემდგ. კახაბერ კენკიშვილი; პროექტის რედ. თამარ მამაცაშვილი |
| 264 ## - წარმოების, გამოცემის, დისტრიბუციის და სხვა ცნობები |
| გამოცემის, წარმოების, დისტრიბუციის... ადგილი |
თბილისი : |
| გამოცემის, წარმოების, დისტრიბუციის... სახელწოდება |
პალიტრა L, |
| გამოცემის, წარმოების, დისტრიბუციის... თარიღი |
2013. |
| 300 ## - ფიზიკური აღწერა |
| Extent |
192 გვ.; |
| Other physical details |
20 სმ. |
| 490 ## - სერიის ცნობა |
| Series statement |
საქართველოს იმედი : ყველა წმინდანი, რომელთა შესახებაც უნდა იცოდე, |
| International Standard Serial Number |
ISSN 2298-0547 |
| 600 ## - SUBJECT ADDED ENTRY--PERSONAL NAME |
| Personal name |
ალექსი (შუშანია, 1852-1923) |
| 9 (RLIN) |
5995 |
| 653 ## - INDEX TERM--UNCONTROLLED |
| Uncontrolled term |
რელიგია |
| 653 ## - INDEX TERM--UNCONTROLLED |
| Uncontrolled term |
ქართველი წმინდანები |
| 653 ## - INDEX TERM--UNCONTROLLED |
| Uncontrolled term |
ქადაგებები |
| 653 ## - INDEX TERM--UNCONTROLLED |
| Uncontrolled term |
სამონასტრო ცხოვრება საქართველოში |
| 700 ## - ADDED ENTRY--PERSONAL NAME |
| Personal name |
კენკიშვილი, კახაბერ |
| Relator term |
შემდგენელი |
| 9 (RLIN) |
5996 |
| 700 ## - ADDED ENTRY--PERSONAL NAME |
| Personal name |
მამაცაშვილი, თამარ |
| Relator term |
პროექტის რედაქტორი |
| 9 (RLIN) |
5997 |
| 942 ## - ADDED ENTRY ELEMENTS (KOHA) |
| Koha item type |
წიგნი |
| Source of classification or shelving scheme |
|